000
00279nam a22001217a 4500
005
20240424110018.0
008
161102b xxu||||| |||| 00| 0 eng d
040
_a
LB-BrCRDP
100
_a
Rabiaa
245
_a
Traitement des enfants
650
0
_a
Education
_9
5
942
_2
ddc
_c
BK
999
_c
17190
_d
17190